| Tag |
First Indicator |
Second Indicator |
Subfields |
| LEADER |
00000cam a2200000Ii 4500 |
| 001 |
in00003454635 |
| 005 |
20151206092250.0 |
| 008 |
121003t20132013nyua e 000 0deng |
| 020 |
|
|
|a 9781781602546 (hardback)
|
| 020 |
|
|
|a 1781602549 (hardback)
|
| 035 |
|
|
|a (OCoLC)ocn859577674
|
| 040 |
|
|
|a AU@
|e rda
|c AU@
|d YDX
|d BWK
|d UtOrBLW
|
| 049 |
|
|
|a TXAM
|
| 082 |
0 |
|
|a 759.3
|2 23
|
| 090 |
|
|
|a N6888.M34
|b A4 2013
|
| 100 |
1 |
|
|a Carl, Klaus H.,
|e author.
|
| 245 |
1 |
0 |
|a Franz Marc (1880-1916) /
|c [authors, Klaus H. Carl and Franz Marc].
|
| 264 |
|
1 |
|a New York :
|b Parkstone Press International,
|c [2013]
|
| 264 |
|
4 |
|c ©2013
|
| 300 |
|
|
|a 255 pages :
|b color illustrations ;
|c 17 cm.
|
| 336 |
|
|
|a still image
|b sti
|2 rdacontent
|
| 337 |
|
|
|a unmediated
|b n
|2 rdamedia
|
| 338 |
|
|
|a volume
|b nc
|2 rdacarrier
|
| 500 |
|
|
|a Includes index.
|
| 520 |
|
|
|a Condemned by the Nazis as a degenerate artist, Franz Marc (1880-1916) was a German painter whose stark linearity and emotive use of color eloquently expressed the pain and trauma of war. In work such as his celebrated Fate of the Animals, Marc created a raw emotional expression of primitive violence which he called a premonition of the war which would eventually be the cause of his own untimely death at the age of 36.
|
| 600 |
1 |
0 |
|a Marc, Franz,
|d 1880-1916.
|
| 650 |
|
0 |
|a Artists
|z Germany
|y 20th century
|v Exhibitions.
|
| 650 |
|
0 |
|a Painters
|z Germany
|v Biography.
|
| 700 |
1 |
|
|a Marc, Franz,
|d 1880-1916,
|e author.
|
| 945 |
|
|
|a PromptCat
|b 661521
|
| 946 |
|
|
|a stk
|
| 947 |
|
|
|a A14840704659
|
| 948 |
|
|
|a cataloged
|b h
|c 2014/3/11
|d c
|e dmitchel
|f 11:20:10 am
|
| 994 |
|
|
|a 92
|b TXA
|
| 999 |
|
|
|a MARS
|
| 999 |
f |
f |
|s 670162fa-d280-38a0-bffb-ad1d79d02778
|i 12349d15-60bb-3291-a508-df81fa9c4ae1
|t 0
|
| 952 |
f |
f |
|p normal
|a Texas A&M University
|b College Station
|c Sterling C. Evans Library
|d Evans: Library Stacks
|t 0
|e N6888.M34 A4 2013
|h Library of Congress classification
|i unmediated -- volume
|m A14840704659
|
| 998 |
f |
f |
|a N6888.M34 A4 2013
|t 0
|l Evans: Library Stacks
|